MENUJU wawasan 2020 .

Bibliographic Details
Format: Book
Published: Petaling Jaya, Selangor : Limkokwing University College Creative Technology , 2003
Subjects:

MARC

LEADER 00000cam a2200000 7i4500
001 0000002698
005 20031110.0
020 0 0 |a 9834070039 
090 0 0 |a 303.49595   |b MEN 2003 
245 0 0 |a MENUJU wawasan 2020 .   |l road to 2020 
260 0 0 |a Petaling Jaya, Selangor :   |b Limkokwing University College Creative Technology ,   |c 2003 
300 |a 47 p. :   |b col. ill. ;   |c 20 cm. 
500 0 0 |a Includes bibliographical references 
650 0 0 |a Economic forecasting   |z Malaysia 
650 0 0 |a Social prediction   |z Malaysia 
650 0 0 |a Wawasan 2020 
651 0 0 |a Malaysia   |x Politics and government 
745 0 0 |a Road to 2020 
998 |a JPSM 
999 |a 0000004710   |b Monograph   |c Open Shelf   |e Default branch